Music Quiz

Random Music or Song Quiz

Single Word Title #1 Songs Quiz Stats

 Plays Quiz Updated Mar 19, 2020

Support Sporcle.
Go Orange.
Score 0/175 Timer 20:00
1 Play Today
Date Song Title % Correct
Nov 2015Hello
77.4%
Feb 1984Jump
67.3%
April 1992Jump
67.3%
Mar 2014Happy
64.9%
May 1984Hello
62.2%
June 1967Respect
59.9%
Feb 1975Fire
59%
Feb 1983Africa
58%
June 2007Umbrella
56.2%
Sept 1965Help!
55.2%
Oct 2013Royals
54.9%
July 1995Waterfalls
54.8%
Mar 1999Believe
52.3%
Feb 1997Wannabe
50.9%
Dec 1987Faith
50.9%
Nov 1981Physical
50.1%
Oct 2009Down
49.9%
May 1997MMMBop
49.4%
Oct 1987Bad
48.2%
Dec 1993Hero
47.5%
Dec 1982Mickey
47.3%
Oct 1999Smooth
45.8%
Mar 1959Venus
44.6%
Feb 1970Venus
44.5%
Sept 1986Venus
44.5%
Aug 1984Ghostbusters
44.3%
May 1990Vogue
43.9%
Oct 1972Ben
43.9%
April 1970ABC
43.2%
Oct 1965Yesterday
42.5%
Sept 2013Roar
42.2%
Jan 1975Mandy
40.9%
July 1986Sledgehammer
40.6%
Feb 1982Centerfold
40.4%
Aug 1985Shout
40.2%
Feb 2004Yeah!
40%
April 1986Kiss
39.4%
Mar 2019Shallow
39.1%
Nov 1988Kokomo
39%
Nov 2009Fireflies
38.2%
Jan 1965Downtown
37.4%
Mar 1984Footloose
36.7%
Jan 1973Superstition
35.8%
Feb 1981Celebration
35.6%
Dec 2010Firework
35.6%
June 2014Fancy
35.4%
Dec 1982Maneater
34.9%
May 2017Despacito
34.9%
July 1987Alone
34%
Aug 2001Fallin'
33.7%
Jan 2014Timber
33.4%
April 1961Runaway
33.2%
Jan 2016Sorry
33.1%
July 2014Rude
32.9%
May 1980Funkytown
32.7%
Jan 2008Low
32.7%
Aug 1970War
32.6%
Jan 2018Havana
32.5%
Nov 1980Lady
31.8%
Date Song Title % Correct
Aug 1980Sailing
31.6%
Jan 2011Grenade
31.2%
Sept 1975Fame
31%
July 1991Unbelievable
29.7%
Mar 2001Butterfly
29.5%
Nov 1960Stay
29.1%
Sep 2006SexyBack
29.1%
April 1968Honey
28.9%
Sept 1997Honey
28.9%
July 2015Cheerleader
28.5%
Sept 2000Music
28.5%
Mar 2001Angel
28%
Mar 2016Work
27.8%
Sept 1983Maniac
27.5%
Oct 1973Angie
27.4%
Sept 1962Sherry
27.3%
Sep 2016Closer
27.2%
Nov 1986Amanda
26.8%
Mar 1981Rapture
26.5%
Mar 1993Informer
26.4%
June 1985Heaven
26.3%
Dec 1979Babe
26.3%
Aug 2019Señorita
26.2%
June 1977Dreams
25.7%
May 2007Girlfriend
25.6%
Aug 1978Grease
25.5%
Sept 1982Abracadabra
25.3%
Mar 1986Sara
24.9%
July 1985Sussudio
24.3%
Jan 1976Convoy
23.9%
Feb 1986Kyrie
23.7%
Dec 2017Perfect
23.5%
Mar 2000Amazed
22.7%
Jan 1995Creep
22.7%
May 1973Frankenstein
22.4%
July 2006Promiscuous
22.4%
Sept 1966Cherish
22.4%
Nov 1986Human
22%
Dec 2012Diamonds
21.9%
May 1979Reunited
21.3%
Jan 2019Sunflower
20.9%
Feb 2016Pillowtalk
20.5%
Nov 2019Circles
20.4%
Oct 2017Rockstar
20.1%
June 2006Ridin'
20%
Mar 2019Sucker
19.9%
May 2016Panda
19.7%
May 2017Humble
19.5%
Oct 20093
18.8%
Aug 2002Dilemma
18.7%
Oct 2008Womanizer
18.6%
June 1974Sundown
18.2%
Sept 2007Stronger
18.1%
May 2006SOS
17.8%
Sept 1995Fantasy
17.7%
Jan 2017Starboy
17.6%
Nov 1969Something
17.5%
May 2010OMG
17.4%
Nov 1973Photograph
17.3%
Date Song Title % Correct
June 1967Windy
17.2%
Aug 2001Bootylicious
17.1%
June 1987Always
17%
Aug 2012Whistle
16.6%
Aug 2008Disturbia
16.5%
Apr 2006Temperature
16.5%
Dec 1963Dominique
16.2%
Aug 1980Magic
16.1%
May 2004Burn
16.1%
Jun 2018Sad
15.9%
Mar 1979Tragedy
15.6%
Dec 2006Irreplaceable
15.5%
Mar 1969Dizzy
15.4%
Nov 1991Cream
15.3%
Sept 1999Unpretty
14.3%
Sept 1993Dreamlover
13.9%
May 1997Hypnotize
13.7%
Sept 2004Goodies
13.7%
Mar 2007Glamorous
13.6%
May 2008Lollipop
13.6%
July 2000Bent
13.5%
Sept 1999Bailamos
13.5%
Oct 1973Half-Breed
13.4%
Oct 1991Emotions
13.4%
Oct 1999Heartbreaker
13.2%
May 1991Joyride
13.2%
Nov 1979Still
12.7%
Aug 1989Batdance
12.7%
Oct 1979Rise
12.6%
June 1963Sukiyaki
11.6%
May 1967Groovin'
11.4%
Nov 1982Truly
11.4%
Dec 1964Ringo
11.3%
Dec 1962Telstar
11.1%
April 2002Foolish
10.8%
Dec 1959Why
10.6%
Dec 1993Again
10.4%
Jun 2018Psycho
10.3%
July 1987Shakedown
10.2%
Mar 1990Escapade
10.1%
Dec 2019Heartless
9.9%
Aug 1962Sheila
9.9%
Aug 1988Monkey
9.9%
Sept 1975Calypso
8.5%
July 1993Weak
8.1%
Jan 2006Grillz
8.1%
Mar 1991Someday
8.1%
July 1960Alley-oop
7.6%
May 1961Mother-in-law
7.3%
Feb 2001Stutter
6.6%
Sept 1961Michael
6.4%
June 1989Satisfied
6.2%
Aug 2000Incomplete
6.1%
Mar 1961Surrender
5.8%
Feb 1961Calcutta
5.8%
Nov 1998Lately
4.9%
Nov 1991Romantic
4.7%

From the Vault

Speed Typing: White

by Sssophie

Did somebody spill whiteout?
Remove Ads.
Support Sporcle.
Get the best of Sporcle when you Go Orange. This ad-free experience offers more features, more stats, and more fun while also helping to support Sporcle. Thank you for becoming a member.

Show Comments

Extras

Top Quizzes Today


Score Distribution

Your Account Isn't Verified!

In order to create a playlist on Sporcle, you need to verify the email address you used during registration. Go to your Sporcle Settings to finish the process.

Report this User

Report this user for behavior that violates our Community Guidelines.

Details: